Statistics for US states with unique first letters

Click here to take the quiz!

General Stats

  • This quiz has been taken 417 times
  • The average score is 7 of 8

Answer Stats

Answer% Correct
Florida
92%
Georgia
92%
Rhode Island
91%
Hawaii
90%
Utah
90%
Delaware
89%
Louisiana
87%
Pennsylvania
85%

Score Distribution

Percentile by Number Answered

Percent of People with Each Score

Your Score History

You have not taken this quiz